| 000 | 00911nas a2200289 4500 | ||
|---|---|---|---|
| 001 | BR2010000498 | ||
| 003 | BR-BrBNA | ||
| 005 | 20231205113846.0 | ||
| 007 | ta | ||
| 008 | 230509b bl.|||p| |||| 00| 00por d | ||
| 040 |
_aBR-BrBNA _bpor _cBiblioteca Nacional de Agricultura |
||
| 041 | _a(Pt) | ||
| 072 | _aN20; F06 | ||
| 100 | 1 | _aScarcelli, R. de O.C. | |
| 100 | 1 | _aOliveira Filho, D. | |
| 100 | 1 | _aRibeiro, M.C. | |
| 100 | 1 | _aLopes, D. de C. | |
| 245 | 1 | _aEconomia de energia com uso de inversor de frequência em sistemas de bombeamento de água para perímetro irrigado | |
| 650 | _aMOTOR ELÉTRICO | ||
| 650 | _aENERGIA | ||
| 650 | _aIRRIGAÇÃO | ||
| 650 | _aBOMBA D'AGUA | ||
| 650 | _aPERFORMANCE | ||
| 773 | 0 |
_tEngenharia na Agricultura (Brazil) _xISSN 1414-3984 _g(Nov-Dec 2009), v. 17(6) p. 462-472 _wBR2010000498 |
|
| 909 |
_a202311 _bLúcia _c55 _dLúcia Elande |
||
| 942 |
_2AGRIS _n0 _cANA |
||
| 999 |
_c205990 _d205990 |
||